| 000 | 01331nam a2200325Ia 4500 | ||
|---|---|---|---|
| 999 |
_c30866 _d30866 |
||
| 003 | GCL | ||
| 005 | 20240530102238.0 | ||
| 008 | 140319s1993 ua b 000 0 ara d | ||
| 040 |
_aGCL / _cGCL |
||
| 082 | 0 | 4 |
_a359.00953073/ _bق/ا ب _221 |
| 100 | 0 | _aالسيد عبدالعزيز سالم | |
| 245 | 1 | 0 |
_aتاريخ البحرية الاسلامية فى مصر والشام / _cتاليف السيد عبدالعزيز سالم ، احمد مختار العبادى |
| 260 |
_aالقاهرة : _bمؤسسة شباب الجامعة ، _c1993 |
||
| 300 |
_a370 ص : _bخرائط ؛ _c24 سم |
||
| 650 | 0 | 7 |
_aالحروب الصليبية _2qrmak |
| 650 | 0 | 7 |
_aالتجارة _2qrmak |
| 650 | 0 | 7 |
_aالفتوحات الاسلامية _2qrmak |
| 650 | 0 | 7 |
_aالتاريخ الحربى _2qrmak |
| 650 | 0 | 7 |
_aالتاريخ الاسلامى _2qrmak |
| 650 | 0 | 7 |
_aفتح الشام _2qrmak |
| 650 | 0 | 7 |
_aالبحرية _2qrmak |
| 650 | 0 | 7 |
_aالبحر الابيض المتوسط _2qrmak |
| 650 | 0 | 7 |
_aفتح الاندلس _2qrmak |
| 650 | 0 | 7 |
_aالسفن التجارية _2qrmak |
| 650 | 0 | 7 |
_aالتاريخ البحرى _2qrmak |
| 650 | 0 | 7 |
_aالطرق التجارية _2qrmak |
| 650 | 0 | 7 |
_aالمعارك البحرية _2qrmak |
| 700 | 0 |
_aاحمد مختار العبادى _eمؤلف مشارك |
|
| 942 |
_2ddc _cBK |
||